MARC

LEADER 00000nam0a2200000 4500
001 282861
005 20231101235535.0
035 |a (RuTPU)RU\TPU\book\306856 
090 |a 282861 
100 |a 20150203d1984 k y0rusy50 ca 
101 0 |a rus 
102 |a RU 
105 |a a z 001zy 
200 1 |a Строительство электросталеплавильных цехов  |f М. И. Почкайлов 
210 |a Москва  |c Стройиздат  |d 1984 
215 |a 172 с.  |c ил. 
320 |a Библиогр.: с. 172-173 
606 1 |a Электросталеплавильное производство  |x Экологический аспект  |2 stltpush  |3 (RuTPU)RU\TPU\subj\71566  |9 85423 
610 1 |a проектирование 
610 1 |a строительство 
610 1 |a зарубежный опыт 
610 1 |a совершенствование 
675 |a 669.187  |v 3 
700 1 |a Почкайлов  |b М. И.  |g Михаил Иванович 
801 1 |a RU  |b 63413507  |c 20150203 
801 2 |a RU  |b 63413507  |c 20170120  |g RCR 
942 |c BK